000 00701nam a2200265Ia 4500
001 12118
005 20240113235342.0
007 ta
008 051005s1990 g b000 u eng u
020 _a81-7041-286-2
040 _aCotton College,Assam
041 _aeng
082 _a370.954
_bSh 11 Ed
100 _aSharma, Sita Ram .
245 0 _aEducational Development in India /
_cSita Ram Sharma.
_hTextual Documents
250 _a1st ed. /
260 _aNew Delhi :
_bAnmol Publications ,
_c1990.
300 _av,349p. ;
_c22cm.
653 _aEducation
653 _aEducation-India
653 _aG-Education
942 _2ddc
_cBK
999 _c12105
_d12105